[Event "28th Rilton Cup"]
[Site "Stockholm SWE"]
[Date "1999.01.06"]
[Round "9"]
[White "Koskela, Niina"]
[Black "Hermansson, Emil"]
[Result "0-1"]
[WhiteElo "2205"]
[BlackElo "2340"]
[EventDate "1998.12.28"]
[PlyCount "82"]

1.e4 c6 2.d3 d5 3.Nd2 e5 4.Ngf3 Bd6 5.g3 Nf6 6.Bg2 O-O 7.O-O Re8 8.Re1 Na6
9.c3 Bg4 10.h3 Bh5 11.Qc2 Qc7 12.Nh4 dxe4 13.dxe4 Nc5 14.b4 Ne6 15.Nc4 Bf8
16.a4 b5 17.Ne3 a5 18.axb5 axb4 19.Rxa8 Rxa8 20.bxc6 Qxc6 21.f4 exf4 22.e5
f3 23.exf6 fxg2 24.g4 Nf4 25.Nhxg2 Bg6 26.Nf5 Bxf5 27.gxf5 Nxg2 28.Qxg2 
Qxg2+ 29.Kxg2 bxc3 30.Kf3 gxf6 31.Rg1+ Kh8 32.Ke4 Ra5 33.Rg3 Re5+ 34.Kd4 
c2 35.Kd3 Rxf5 36.Kxc2 Rc5+ 37.Kd1 Rd5+ 38.Ke2 Re5+ 39.Kf3 Rc5 40.Bf4 Rf5 
41.Ke4 Rxf4+ 0-1

[Event "28th Rilton Cup"]
[Site "Stockholm SWE"]
[Date "1999.01.06"]
[Round "9"]
[White "Andersson, Mats"]
[Black "Ullen, Jan"]
[Result "1-0"]
[WhiteElo "2320"]
[BlackElo "2175"]
[EventDate "1998.12.28"]
[PlyCount "69"]

1.Nf3 c5 2.b3 Nf6 3.Bb2 Nc6 4.e3 e6 5.Bb5 a6 6.Bxc6 bxc6 7.O-O Be7 8.d3 d6
9.e4 e5 10.Ne1 g5 11.Nd2 Rg8 12.c3 Bg4 13.f3 Be6 14.Nc4 Rb8 15.Nc2 Nh5 16.
g3 g4 17.N2e3 Bh4 18.fxg4 Nxg3 19.hxg3 Bxg3 20.Nf5 Bxf5 21.Rxf5 Qh4 22.Rh5
Bf2+ 23.Kf1 Qg3 24.Nxd6+ Kd7 25.Nf5 Qf4 26.Rh3 Bg3+ 27.Kg2 Qf2+ 28.Kh1 h5 
29.Bc1 hxg4 30.Be3 Qb2 31.Rxg3 Rh8+ 32.Bh6 Rxh6+ 33.Nxh6 Rh8 34.Qxg4+ Kc7 
35.Rf1 1-0

[Event "28th Rilton Cup"]
[Site "Stockholm SWE"]
[Date "1999.01.06"]
[Round "9"]
[White "Loegdahl, Harald"]
[Black "Engqvist, Thomas"]
[Result "1/2-1/2"]
[WhiteElo "2205"]
[BlackElo "2330"]
[EventDate "1998.12.28"]
[PlyCount "99"]

1.e4 c6 2.d4 d5 3.e5 c5 4.dxc5 Nc6 5.Bb5 e6 6.Be3 Ne7 7.c3 Bd7 8.Bxc6 Nxc6
9.Nf3 Qc7 10.Bd4 Nxd4 11.cxd4 b6 12.cxb6 Qxb6 13.O-O Qxb2 14.Nbd2 Be7 15.
Rb1 Qxa2 16.Rb7 Bc8 17.Rc7 Bd8 18.Qc1 Bd7 19.Rc3 Be7 20.Rc7 Bd8 21.Rc3 Qa6
22.Nb3 O-O 23.Nc5 Qb5 24.Qc2 h6 25.h3 Bb6 26.Rb1 Qc6 27.Nh2 Bxc5 28.dxc5 
Qa4 29.Qd2 Rfb8 30.Rbc1 Rb3 31.c6 Rxc3 32.Qxc3 Be8 33.Ng4 d4 34.Qg3 Bxc6 
35.Nxh6+ Kf8 36.Ng4 Qb5 37.Qh4 Qd5 38.f3 d3 39.Qh8+ Ke7 40.Qxg7 Qd4+ 41.
Kh1 d2 42.Qg5+ Kf8 43.Rd1 Rd8 44.Qh6+ Ke8 45.Nf6+ Ke7 46.Qg5 Kf8 47.Qg8+ 
Ke7 48.Qg5 Kf8 49.Qg8+ Ke7 50.Qg5 1/2-1/2

[Event "28th Rilton Cup"]
[Site "Stockholm SWE"]
[Date "1999.01.06"]
[Round "9"]
[White "Sammalvuo, Tapani"]
[Black "Gambaeck, Bjoern"]
[Result "1/2-1/2"]
[WhiteElo "2410"]
[BlackElo "2215"]
[EventDate "1998.12.28"]
[PlyCount "88"]

1.e4 c5 2.Nf3 d6 3.d4 cxd4 4.Nxd4 Nf6 5.Nc3 g6 6.Be2 Bg7 7.O-O O-O 8.Be3 
Nc6 9.Nb3 Be6 10.f4 Qc8 11.Kh1 Rd8 12.Bg1 d5 13.e5 Ne4 14.Bd3 Nxc3 15.bxc3
Bf5 16.Qe1 b6 17.a4 Qe6 18.a5 Bxd3 19.cxd3 Nxa5 20.Nxa5 bxa5 21.Rxa5 a6 
22.Bc5 Rdb8 23.Qa1 Rb3 24.d4 Rb7 25.Bb4 Rd7 26.Rf2 Qf5 27.Rxa6 Rxa6 28.
Qxa6 Ra7 29.Qf1 Bh6 30.h3 Bf8 31.Qb5 Qe4 32.Kh2 Ra1 33.Qe2 Qb1 34.Kg3 e6 
35.Qb2 Qe1 36.Bd6 Rb1 37.Qa3 Ra1 38.Qb3 Rb1 39.Qa3 Ra1 40.Qb2 Rb1 41.Qd2 
Qxd2 42.Rxd2 Bxd6 43.exd6 Rb6 44.d7 Rd6 1/2-1/2